00670nam a2200241 a 4500001001300000003000900013005001700022008004100039020000900080082001600089100002000105245004100125260004100166300000900207500003500216505001000251650002200261700002000283902000800303942000700311952009500318999001500413nice12345678IN_TiNIC20260116011717.0050524s1966 cala grp 000 0 eng  ac1000a922.97bNAY aNayar, Pyarelal aThrown to the Wolvesb Abdul Ghaffar aCalcuttabEastlight Book Housec1966 a164p aincludes index and biblioraphy2 aindex aAbul Ghaffar Khan1 aNayar, Pyarelal bSRS cBK 00104070aHMIbHMId2010-02-03g10.00l0o922.97 NAYp05343r2010-02-03w2026-01-16yEB c3488d3488